000 00696nam a2200253Ia 4500
008 160404s9999 xx 000 0 und d
020 _a971-23-4208-5
050 _aFIL HF 5721
050 _b.E35 2005
100 _aEgipto, Joel Joseph L.
245 _aWtiting business letters /
245 _cJoel Joseph L. Egipto.
260 _aManila :
260 _bRex Book Store, Inc.,
260 _c2005
300 _a286 pages :
300 _billustrations ;
300 _c22 cm.
500 _aIncludes bibliographical references and index.
650 _aBusiness communication.
650 _aCommercial correspondence.
650 _xBusiness writing.
650 _xBusiness writing.
999 _c293177
_d293177